000 00250 a2200109 4500
001 50788
040 _cAnchieta - Pituba
240 1 0 _aAlles klar?
_l
245 1 0 _aAlles klar?
650 4 _aLínguas germânicas (teutônicas) língua alemã
942 _cMU
999 _c50788
_d50788